| 000 | 00648nam a22002177a 4500 | ||
|---|---|---|---|
| 999 |
_c7482 _d7482 |
||
| 001 | 21149 | ||
| 003 | BD-DhUAP | ||
| 005 | 20210123123438.0 | ||
| 008 | 210123s2006 njua b 001 0 eng | ||
| 020 | _a0131174290 | ||
| 040 |
_aDLC _cDLC _dBD-DhUAP _bEng |
||
| 082 | 0 | 0 |
_a621.3692 HEC _223 |
| 100 | 1 | _aHecht, Jeff. | |
| 245 | 1 | 0 |
_aUnderstanding fiber optics / _cJeff Hecht. |
| 250 | _a5th ed. | ||
| 260 |
_aUpper Saddle River, N.J. : _bPearson/Prentice Hall, _cc2006. |
||
| 300 |
_aix, 790 pages : _billustrations ; _c24 cm. |
||
| 504 | _aIncludes bibliographical references (p. 757-760) and index. | ||
| 650 | 0 | _aFiber optics. | |
| 942 |
_2ddc _cBK |
||